000 00404nam a2200133Ia 4500
008 151001s9999||||xx |||||||||||||| ||und||
100 _aकुमुदिनी रांगणेकर
245 _aलाजवट लक्षाधीश
250 _a1
260 _bगुलमोहर प्रकाशन सातारा
260 _c1987
300 _a183
365 _b18
999 _c966017
_d966014